[Event "Leningrad zt (Women)"]
[Site "Leningrad"]
[Date "1991.??.??"]
[Round "?"]
[White "Popova, Natalija"]
[Black "Belakovskaia, Anjelina"]
[Result "1-0"]
[WhiteElo "2060"]
[BlackElo "2270"]
[EventDate "1991.??.??"]
[PlyCount "77"]

1.c4 c6 2.d4 d5 3.Nc3 Nf6 4.e3 e6 5.Nf3 Nbd7 6.Bd3 dxc4 7.Bxc4 b5 8.Bd3 
Bb7 9.e4 b4 10.Na4 c5 11.e5 Nd5 12.O-O cxd4 13.Nxd4 Nxe5 14.Bb5+ Nd7 15.
Qh5 Nf6 16.Qe2 Be7 17.Rd1 Rc8 18.Bg5 a6 19.Bxf6 axb5 20.Bxg7 bxa4 21.Bxh8 
Qa5 22.Nf3 Qh5 23.Rac1 Rxc1 24.Rxc1 Bd6 25.h3 Bf4 26.Rd1 Bxf3 27.Qxf3 Qxf3
28.gxf3 e5 29.Rd6 b3 30.axb3 axb3 31.Rd3 f6 32.Rxb3 Ke7 33.Rb7 Kd6 34.Bg7 
h5 35.Kf1 Bg5 36.Ke2 Kc6 37.Ra7 Kd6 38.b4 f5 39.Bh6 1-0

[Event "Leningrad zt (Women)"]
[Site "Leningrad"]
[Date "1991.??.??"]
[Round "?"]
[White "Popova, Natalija"]
[Black "Semenova, Lidia K"]
[Result "1-0"]
[WhiteElo "2060"]
[BlackElo "2300"]
[EventDate "1991.??.??"]
[PlyCount "97"]

1.d4 d5 2.c4 e6 3.Nf3 c5 4.cxd5 exd5 5.g3 c4 6.Bg2 Bb4+ 7.Nc3 Ne7 8.O-O 
O-O 9.e4 dxe4 10.Nxe4 Nbc6 11.a3 Ba5 12.Qa4 Bb6 13.Rd1 Na5 14.Nc5 Qe8 15.
Bd2 Qxa4 16.Nxa4 Nb3 17.Nxb6 axb6 18.Re1 Nxa1 19.Rxe7 Nb3 20.Bb4 Rd8 21.
Ne5 Nxd4 22.Rxf7 Nc6 23.Bd5 Kh8 24.Bc3 Bh3 25.Nd7 Rg8 26.Nxb6 Rae8 27.Nxc4
Nd4 28.Kh1 Ne2 29.Be5 b5 30.Nd6 Rxe5 31.Rb7 Rf5 32.Nxf5 Bxf5 33.Re7 Bg4 
34.f3 Bxf3+ 35.Bxf3 Nd4 36.Bd5 Rc8 37.Be4 g6 38.Kg2 Rc1 39.Kf2 Rc5 40.Bd3 
Rh5 41.h4 Rd5 42.Be4 Rc5 43.Rd7 Ne6 44.Rd5 Kg7 45.Ke3 Rc1 46.Bd3 Rg1 47.
Kf2 Rd1 48.Rd7+ Kf6 49.Bxb5 1-0

[Event "Leningrad zt (Women)"]
[Site "Leningrad"]
[Date "1991.??.??"]
[Round "?"]
[White "Semenova, Lidia K"]
[Black "Chelushkina, Irina"]
[Result "1-0"]
[WhiteElo "2300"]
[BlackElo "2305"]
[EventDate "1991.??.??"]
[PlyCount "85"]

1.e4 c5 2.Nf3 e6 3.c3 d5 4.exd5 Qxd5 5.d4 Nf6 6.Be2 Nc6 7.O-O cxd4 8.cxd4 
Be7 9.Nc3 Qd8 10.a3 O-O 11.Bc4 Nd5 12.Qe2 Nb6 13.Rd1 Nxc4 14.Qxc4 h6 15.
Be3 Na5 16.Qe2 Nb3 17.Rab1 Bd6 18.Ne5 Na5 19.Qg4 f5 20.Qg3 Rf6 21.f4 Bd7 
22.d5 Be8 23.b4 Rc8 24.Bd4 Nc4 25.Nxc4 Rxc4 26.Qd3 Rxd4 27.Qxd4 Bc7 28.Kh1
Bh5 29.Rd2 Bb6 30.Qd3 exd5 31.Qxd5+ Qxd5 32.Nxd5 Re6 33.Nxb6 axb6 34.Kg1 
Be8 35.Kf2 Bc6 36.Re1 Be4 37.Rd8+ Kh7 38.b5 h5 39.h4 Re7 40.Rc1 Kg6 41.
Rd6+ Kh7 42.Rd8 Re6 43.Rd7 1-0

[Event "Leningrad zt (Women)"]
[Site "Leningrad"]
[Date "1991.??.??"]
[Round "?"]
[White "Shumiakina, Tatiana"]
[Black "Demina, Julia"]
[Result "0-1"]
[WhiteElo "2290"]
[BlackElo "2370"]
[EventDate "1991.??.??"]
[PlyCount "80"]

1.d4 Nf6 2.c4 e6 3.Bg5 d5 4.Nc3 Be7 5.e3 Nbd7 6.Nf3 h6 7.Bh4 O-O 8.Rc1 
dxc4 9.Bxc4 c5 10.O-O a6 11.a4 Qa5 12.Qe2 Re8 13.Rfd1 Nb6 14.Bb3 cxd4 15.
exd4 Bd7 16.Ne5 Qb4 17.Bc2 Nbd5 18.Nxd5 exd5 19.Bxf6 Bxf6 20.Qd3 Be6 21.
Qh7+ Kf8 22.Bf5 Bxf5 23.Qxf5 Kg8 24.Rc7 Qxa4 25.Rdc1 Qxd4 26.Nxf7 Qe4 27.
Qxe4 Rxe4 28.Nd6 Re2 29.b3 Be5 30.Rd7 Rf8 31.f3 Bd4+ 32.Kh1 b6 33.Rd1 Bc5 
34.h4 Rf4 35.g3 Rxf3 36.Nb7 Rxg3 37.Nxc5 bxc5 38.R7xd5 Rxb3 39.h5 c4 40.
Rc5 Rb5 0-1

[Event "Leningrad zt (Women)"]
[Site "Leningrad"]
[Date "1991.??.??"]
[Round "?"]
[White "Shumiakina, Tatiana"]
[Black "Litinskaya, Marta I"]
[Result "1/2-1/2"]
[WhiteElo "2290"]
[BlackElo "2370"]
[EventDate "1991.??.??"]
[PlyCount "87"]

1.d4 Nf6 2.c4 e6 3.g3 c5 4.d5 exd5 5.cxd5 d6 6.Nc3 g6 7.Bg2 Bg7 8.Nf3 O-O 
9.O-O Na6 10.Nd2 Nc7 11.Nc4 Nfe8 12.a4 b6 13.Qc2 f5 14.b3 Qd7 15.Bb2 Bb7 
16.Rad1 Rd8 17.Bc1 Qf7 18.e4 fxe4 19.Nxe4 h6 20.Bf4 Bxd5 21.Nexd6 Nxd6 22.
Nxd6 Rxd6 23.Bxd6 Bxb3 24.Qc1 Rd8 25.Rd2 Ne6 26.Bf4 Nd4 27.a5 Kh7 28.h4 
Bd5 29.axb6 axb6 30.Qb1 b5 31.Rxd4 cxd4 32.Qxb5 Bxg2 33.Kxg2 Rd5 34.Qd3 
Qf5 35.Qxf5 Rxf5 36.Rb1 g5 37.hxg5 hxg5 38.Bd2 Kg6 39.g4 Re5 40.Kf3 Bf6 
41.Rb6 Re8 42.Bb4 Kf7 43.Rb7+ Kg6 44.Rd7 1/2-1/2

[Event "Leningrad zt (Women)"]
[Site "Leningrad"]
[Date "1991.??.??"]
[Round "?"]
[White "Shumiakina, Tatiana"]
[Black "Matveeva, Svetlana"]
[Result "1/2-1/2"]
[WhiteElo "2290"]
[BlackElo "2325"]
[EventDate "1991.??.??"]
[PlyCount "73"]

1.d4 Nf6 2.Nf3 g6 3.g3 Bg7 4.Bg2 O-O 5.O-O d6 6.a4 Na6 7.b3 c5 8.Bb2 cxd4 
9.Nxd4 d5 10.Na3 Nc5 11.c4 e5 12.Nf3 e4 13.Nd4 Ng4 14.h3 Ne5 15.cxd5 Qxd5 
16.Nab5 Rb8 17.Nxa7 Rd8 18.Nxc8 Rbxc8 19.Rc1 f5 20.b4 Nc4 21.Ba1 Bxd4 22.
Bxd4 Qxd4 23.Qxd4 Rxd4 24.bxc5 Nb2 25.a5 Rc4 26.Rb1 Rc2 27.Rfc1 R8xc5 28.
Rxc2 Rxc2 29.f3 Rxe2 30.fxe4 fxe4 31.Kf1 Rd2 32.Bxe4 Nc4 33.Ra1 Rd7 34.Kf2
Kg7 35.Ra4 Rc7 36.Bf3 Rc5 37.Bxb7 1/2-1/2

[Event "Leningrad zt (Women)"]
[Site "Leningrad"]
[Date "1991.??.??"]
[Round "?"]
[White "Sofieva, Ainur"]
[Black "Erneste, Inguna"]
[Result "0-1"]
[WhiteElo "2390"]
[BlackElo "2285"]
[EventDate "1991.??.??"]
[PlyCount "125"]

1.e4 e5 2.Nf3 Nc6 3.Bc4 Nf6 4.d3 Be7 5.O-O O-O 6.Bb3 d6 7.c3 Nd7 8.d4 Bf6 
9.Re1 Re8 10.h3 Nf8 11.Na3 a6 12.Nc4 Ng6 13.d5 Nce7 14.Nh2 h6 15.Qh5 b5 
16.Na3 Nf4 17.Bxf4 exf4 18.e5 Bxe5 19.Rxe5 dxe5 20.d6 cxd6 21.Bxf7+ Kh7 
22.Bxe8 Be6 23.Nf3 Qxe8 24.Ng5+ Kg8 25.Qxe8+ Rxe8 26.Nxe6 Rc8 27.Rd1 d5 
28.Re1 Ng6 29.b4 Rxc3 30.Nb1 Rc2 31.Nc5 f3 32.g3 e4 33.Nb3 Ne5 34.Rc1 Rxa2
35.Nc3 Rb2 36.Nc5 Rxb4 37.Nxd5 Rd4 38.Ne7+ Kf7 39.Nf5 Rd2 40.Nxe4 Re2 41.
Rc7+ Kg8 42.Rxg7+ Kf8 43.Nc5 Nc4 44.Nd7+ Ke8 45.Nf6+ Kf8 46.Rh7 b4 47.Nxh6
Nd6 48.Nd7+ Ke8 49.Nc5 Rc2 50.Rh8+ Ke7 51.Nd3 b3 52.Rb8 Rc3 53.Nb2 Rc1+ 
54.Kh2 Rc2 55.Nd3 Nb5 56.Ng4 Rd2 57.Rb7+ Ke8 58.Nge5 Rxf2+ 59.Nxf2 b2 60.
Ne4 b1=Q 61.Nf6+ Kd8 62.Nf7+ Kc8 63.Nd6+ 0-1

[Event "Leningrad zt (Women)"]
[Site "Leningrad"]
[Date "1991.??.??"]
[Round "?"]
[White "Sofieva, Ainur"]
[Black "Matveeva, Svetlana"]
[Result "1-0"]
[WhiteElo "2390"]
[BlackElo "2325"]
[EventDate "1991.??.??"]
[PlyCount "81"]

1.e4 c5 2.Nf3 d6 3.c3 Nf6 4.Bd3 Nc6 5.h3 g6 6.O-O Bg7 7.Bc2 O-O 8.Re1 b6 
9.d3 e5 10.Nbd2 Qc7 11.Nf1 d5 12.Ba4 Bb7 13.Bg5 dxe4 14.dxe4 Rad8 15.Qc1 
Ne7 16.Ng3 c4 17.Bh6 Nd7 18.Bxd7 Rxd7 19.Bxg7 Kxg7 20.Qg5 f5 21.Nh5+ Kh8 
22.Qh6 Rf7 23.Ng3 Ng8 24.Qc1 f4 25.Nf1 Nf6 26.N1d2 Rfe7 27.b3 b5 28.bxc4 
bxc4 29.Qa3 Qc8 30.Rab1 Qa8 31.Rb5 Re8 32.Nxc4 Nxe4 33.Ncxe5 Rc7 34.c4 a6 
35.Rbb1 Qa7 36.Qb2 Kg8 37.Ng4 h5 38.Nf6+ Nxf6 39.Qxf6 Rf8 40.Qe6+ Kh8 41.
Qd6 1-0

[Event "Leningrad zt (Women)"]
[Site "Leningrad"]
[Date "1991.??.??"]
[Round "?"]
[White "Sofieva, Ainur"]
[Black "Popova, Natalija"]
[Result "0-1"]
[WhiteElo "2390"]
[BlackElo "2060"]
[EventDate "1991.??.??"]
[PlyCount "84"]

1.d4 Nf6 2.Nf3 d5 3.e3 Bf5 4.c4 c6 5.Nc3 e6 6.Qb3 Qb6 7.c5 Qc7 8.Ne5 Nbd7 
9.f4 Nxe5 10.fxe5 Ne4 11.Be2 Be7 12.O-O O-O 13.Nxe4 Bxe4 14.Bd3 Bxd3 15.
Qxd3 b6 16.cxb6 Qxb6 17.b3 Rac8 18.Bd2 Qb5 19.Qxb5 cxb5 20.Rac1 Ba3 21.
Rxc8 Rxc8 22.Rf2 Rc2 23.Be1 Rc1 24.Re2 h5 25.Kf2 Kh7 26.Kf3 Be7 27.e4 Bg5 
28.h4 Bd8 29.exd5 exd5 30.e6 fxe6 31.Rxe6 Bf6 32.Bf2 Rc3+ 33.Re3 Rc6 34.
Re2 Kg6 35.g4 Rc3+ 36.Kf4 Rd3 37.Re6 hxg4 38.Rd6 Rf3+ 39.Kxg4 Rxf2 40.Rxd5
a6 41.a4 bxa4 42.bxa4 Rd2 0-1

[Event "Leningrad zt (Women)"]
[Site "Leningrad"]
[Date "1991.??.??"]
[Round "?"]
[White "Zaiatz, Elena"]
[Black "Chekhova Kostina, Tatiana M"]
[Result "1-0"]
[WhiteElo "2325"]
[BlackElo "2275"]
[EventDate "1991.??.??"]
[PlyCount "61"]

1.d4 Nf6 2.c4 g6 3.Nc3 Bg7 4.e4 d6 5.Be2 O-O 6.Bg5 c6 7.Qd2 a6 8.Nf3 b5 9.
a3 bxc4 10.e5 dxe5 11.dxe5 Qxd2+ 12.Kxd2 Ng4 13.Bxc4 Rd8+ 14.Kc1 Nxe5 15.
Nxe5 Bxe5 16.Re1 Nd7 17.f4 Bf6 18.Bxf6 exf6 19.Re7 Rf8 20.Na4 Rb8 21.Kc2 
Nb6 22.Nxb6 Rxb6 23.Kc3 c5 24.Rae1 Bb7 25.Rc7 Bxg2 26.Ree7 Kg7 27.Bxf7 Kh6
28.Bd5 Kh5 29.Bxg2 Kg4 30.Rxc5 h5 31.f5 1-0

[Event "Leningrad zt (Women)"]
[Site "Leningrad"]
[Date "1991.??.??"]
[Round "?"]
[White "Zaitseva, Ludmila G"]
[Black "Sofieva, Ainur"]
[Result "1-0"]
[WhiteElo "2325"]
[BlackElo "2390"]
[EventDate "1991.??.??"]
[PlyCount "73"]

1.d4 Nf6 2.Nf3 g6 3.Bg5 Bg7 4.Nbd2 d5 5.e3 O-O 6.b4 a5 7.b5 c5 8.c3 a4 9.
dxc5 Qc7 10.Rc1 Qxc5 11.c4 Qa3 12.Bxf6 Bxf6 13.cxd5 Qxa2 14.Bc4 Qa3 15.O-O
Nd7 16.Ne4 Bb2 17.Rc2 Qb4 18.Ba2 Bg7 19.Rc4 Qxb5 20.Nd4 Qa6 21.Nc3 Nb6 22.
Rc7 Bd7 23.Ne4 Be5 24.d6 Bxd6 25.Nxd6 exd6 26.Qf3 d5 27.h4 h5 28.Rb1 Bg4 
29.Qf6 Nc4 30.Qg5 Rab8 31.Qxd5 Nd2 32.Rxf7 Rxf7 33.Qxf7+ Kh8 34.Rc1 Rd8 
35.Rc7 Qf1+ 36.Kh2 Nf3+ 37.Nxf3 1-0

[Event "Oisterwijk zt (Women)"]
[Site "Oisterwijk"]
[Date "1991.??.??"]
[Round "1"]
[White "Benschop, Anne Marie"]
[Black "De Vries, Sylvia"]
[Result "1-0"]
[WhiteElo "2165"]
[BlackElo "2150"]
[EventDate "1991.??.??"]
[PlyCount "97"]

1.e4 d6 2.d4 Nf6 3.Nc3 g6 4.Nf3 Bg7 5.h3 O-O 6.Be2 c6 7.a4 a5 8.O-O Na6 9.
Be3 Qc7 10.Nd2 Nb4 11.f4 e5 12.dxe5 dxe5 13.Nc4 Rd8 14.Qc1 Qe7 15.Nxe5 Be6
16.Nd3 Nd7 17.Rd1 Re8 18.Qd2 Rad8 19.Rac1 Nxd3 20.Bxd3 Nc5 21.Qf2 Nxd3 22.
Rxd3 Bc4 23.Rxd8 Rxd8 24.e5 Qb4 25.Rb1 Be6 26.Bc5 Qc4 27.Qe3 Bh6 28.Rf1 
Rd7 29.b3 Qa6 30.Ne4 Bg7 31.Bd6 b5 32.Qf2 Qa7 33.Nc5 Rd8 34.axb5 cxb5 35.
Ra1 Bf5 36.c3 Qa8 37.Qe2 b4 38.cxb4 Rxd6 39.Rxa5 Qxa5 40.bxa5 Rc6 41.b4 
Bf8 42.Qb5 Rc8 43.Nb7 Rc1+ 44.Kf2 Rc2+ 45.Ke3 Rxg2 46.Nd6 Be6 47.a6 Ra2 
48.Qb7 g5 49.f5 1-0

[Event "Oisterwijk zt (Women)"]
[Site "Oisterwijk"]
[Date "1991.??.??"]
[Round "1"]
[White "Lebel Arias, Julia"]
[Black "Harmsen, Jessica"]
[Result "0-1"]
[WhiteElo "2055"]
[BlackElo "2190"]
[EventDate "1991.??.??"]
[PlyCount "112"]

1.d4 f5 2.Nf3 g6 3.Bf4 Nf6 4.Nbd2 Bg7 5.e3 O-O 6.h3 d6 7.c3 Nc6 8.Be2 Qe8 
9.Qb3+ e6 10.Bg5 Ne4 11.Nxe4 fxe4 12.Nd2 d5 13.f4 Nd8 14.g4 Nf7 15.Bh4 c6 
16.Qa3 Qd7 17.Rf1 h6 18.Bg3 Bf6 19.h4 Qd8 20.Rh1 Be7 21.Qb3 b6 22.O-O-O a5
23.Rdf1 Bd6 24.Be1 b5 25.Qc2 Ra7 26.Rfg1 Nh8 27.Nf1 Qe8 28.Bd1 Rg7 29.Qh2 
b4 30.Ng3 c5 31.h5 g5 32.fxg5 Rxg5 33.Rf1 cxd4 34.cxd4 Ba6 35.Rxf8+ Qxf8 
36.b3 Bd3 37.Qf2 Qc8+ 38.Kb2 Rg7 39.Rg1 Rc7 40.Qd2 Nf7 41.Rg2 Be7 42.Ne2 
a4 43.bxa4 Nd6 44.Ka1 Nc4 45.Qc1 Bxe2 46.Rxe2 Na3 47.Qxc7 Qxc7 48.Kb2 Nc4+
49.Kb1 Bg5 50.Bb3 Nxe3 51.Bxb4 Nxg4 52.Rc2 Qb7 53.Bd6 Nf6 54.Rc7 Qa6 55.
Be5 Nxh5 56.Bd1 Qf1 0-1

[Event "Oisterwijk zt (Women)"]
[Site "Oisterwijk"]
[Date "1991.??.??"]
[Round "1"]
[White "Limbach, Renate"]
[Black "De Greef, Heleen"]
[Result "1/2-1/2"]
[WhiteElo "2130"]
[BlackElo "2175"]
[EventDate "1991.??.??"]
[PlyCount "91"]

1.e4 e6 2.Nf3 d5 3.e5 c5 4.b4 cxb4 5.a3 Nc6 6.axb4 Bxb4 7.c3 Bf8 8.d4 f6 
9.Bd3 fxe5 10.dxe5 Bc5 11.O-O Nge7 12.Ra4 Qc7 13.Ba3 Bxa3 14.Nxa3 Nxe5 15.
Nb5 Nxf3+ 16.Qxf3 Qc5 17.Qe3 Qxe3 18.fxe3 Bd7 19.Rg4 Kd8 20.Rxg7 Bxb5 21.
Bxb5 a6 22.Rff7 axb5 23.Rxe7 Rc8 24.Rd7+ Ke8 25.Rc7 Rxc7 26.Rxc7 Rf8 27.
Rxb7 Rf7 28.Rb8+ Kd7 29.Rxb5 Kc6 30.Rb8 Kc5 31.Rc8+ Kd6 32.c4 dxc4 33.Rxc4
Kd5 34.Rf4 Ra7 35.Rh4 Rf7 36.Rf4 Ra7 37.h4 e5 38.Rb4 Kc5 39.Re4 Kd5 40.Rg4
h5 41.Rg5 Rh7 42.Kf2 Ke4 43.Ke2 Rh8 44.g4 hxg4 45.Rxg4+ Kd5 46.Kf3 1/2-1/2

[Event "Oisterwijk zt (Women)"]
[Site "Oisterwijk"]
[Date "1991.??.??"]
[Round "2"]
[White "De Greef, Heleen"]
[Black "Benschop, Anne Marie"]
[Result "0-1"]
[WhiteElo "2175"]
[BlackElo "2165"]
[EventDate "1991.??.??"]
[PlyCount "114"]

1.e4 e5 2.Nf3 Nc6 3.d4 exd4 4.Nxd4 Bc5 5.Nb3 Bb4+ 6.Bd2 Qe7 7.Bd3 Bxd2+ 8.
Qxd2 Nf6 9.Nc3 d6 10.O-O-O O-O 11.Rhe1 Ne5 12.f3 Bd7 13.Bf1 Rad8 14.Kb1 a6
15.Nc1 Rfe8 16.Nd3 Bc8 17.Nf4 c6 18.Qf2 Qc7 19.Rd2 b5 20.a3 a5 21.Red1 Bb7
22.a4 b4 23.Na2 Rd7 24.Nc1 Rc8 25.g3 Rcd8 26.b3 c5 27.Ncd3 Nxf3 28.Qxf3 
Nxe4 29.Qg4 Kh8 30.Nb2 d5 31.Bb5 Rd6 32.Ka1 Nxd2 33.Rxd2 Qe7 34.Re2 Qf6 
35.Nh5 Qh6 36.Qf4 Qxf4 37.Nxf4 g5 38.Nfd3 Rc8 39.Ne5 Kg8 40.Ned3 Re6 41.
Rxe6 fxe6 42.Bd7 Rc7 43.Bxe6+ Kg7 44.Kb1 Kf6 45.Bg4 c4 46.bxc4 dxc4 47.Nf2
Ke5 48.Kc1 Kd4 49.Bf5 Rf7 50.g4 Re7 51.Nbd1 c3 52.Bd3 Bc6 53.Nh3 h6 54.Ng1
Re1 55.Bb5 Bg2 56.Ne2+ Kc5 57.h4 Bf3 0-1

[Event "Oisterwijk zt (Women)"]
[Site "Oisterwijk"]
[Date "1991.??.??"]
[Round "2"]
[White "De Vries, Sylvia"]
[Black "Harmsen, Jessica"]
[Result "1-0"]
[WhiteElo "2150"]
[BlackElo "2190"]
[EventDate "1991.??.??"]
[PlyCount "29"]

1.d4 f5 2.Nf3 g6 3.h4 Nf6 4.h5 Nxh5 5.Rxh5 gxh5 6.e4 d6 7.Ng5 c6 8.Qxh5+ 
Kd7 9.Ne6 Qb6 10.Nd2 Qa5 11.c3 b5 12.Nb3 Qb6 13.Qf7 Na6 14.Nxf8+ Kc7 15.
Qxe7+ 1-0

[Event "Oisterwijk zt (Women)"]
[Site "Oisterwijk"]
[Date "1991.??.??"]
[Round "3"]
[White "Benschop, Anne Marie"]
[Black "Limbach, Renate"]
[Result "1-0"]
[WhiteElo "2165"]
[BlackElo "2130"]
[EventDate "1991.??.??"]
[PlyCount "115"]

1.e4 e5 2.Nf3 Nc6 3.Bb5 f5 4.Qe2 Qe7 5.Nc3 Nf6 6.Bxc6 dxc6 7.d3 fxe4 8.
Nxe4 Nxe4 9.Qxe4 Qb4+ 10.Qxb4 Bxb4+ 11.Bd2 Bxd2+ 12.Kxd2 O-O 13.Rhf1 Bh3 
14.Ne1 Bf5 15.Ke3 e4 16.d4 c5 17.c3 cxd4+ 18.cxd4 Be6 19.Nc2 a5 20.Na3 c6 
21.Nb1 Bc4 22.Rd1 Rf5 23.Nc3 Rg5 24.g3 Bd5 25.Nxe4 Bxe4 26.Kxe4 Re8+ 27.
Kd3 Rd5 28.Rd2 c5 29.Kc4 Rxd4+ 30.Rxd4 cxd4 31.Kd3 b5 32.Rc1 Re5 33.Rc8+ 
Kf7 34.Rd8 Re1 35.Rxd4 Rf1 36.Ke3 Rb1 37.Rd2 Ke6 38.Kd4 Kd6 39.f4 Re1 40.
b3 Rf1 41.Ke4+ Ke6 42.Rc2 Re1+ 43.Kd4 Kd6 44.f5 g6 45.Rf2 gxf5 46.Rxf5 Re2
47.Rxb5 Rd2+ 48.Ke4 Rxa2 49.h4 a4 50.bxa4 Rxa4+ 51.Kf5 Ra7 52.Kf6 Kd7 53.
Rg5 Ra3 54.Kg7 Ke6 55.Kxh7 Kf6 56.Rg7 Rb3 57.g4 Rh3 58.h5 1-0

[Event "Oisterwijk zt (Women)"]
[Site "Oisterwijk"]
[Date "1991.??.??"]
[Round "3"]
[White "Harmsen, Jessica"]
[Black "De Greef, Heleen"]
[Result "0-1"]
[WhiteElo "2190"]
[BlackElo "2175"]
[EventDate "1991.??.??"]
[PlyCount "66"]

1.e4 e6 2.d4 d5 3.e5 c5 4.c3 Nc6 5.Nf3 Qb6 6.a3 c4 7.Be2 f6 8.exf6 Nxf6 9.
Qc2 Bd6 10.Bg5 Bd7 11.Nbd2 Qc7 12.Bh4 O-O-O 13.b3 cxb3 14.Nxb3 Rdf8 15.Bg3
e5 16.dxe5 Nxe5 17.O-O Ne4 18.Nbd4 Nxg3 19.hxg3 Ng4 20.Qb3 Rf6 21.Qxd5 Bc5
22.Ng5 Rd6 23.Qb3 Rb6 24.Qf7 Rf8 25.Qxg7 Rg6 26.Qxg6 hxg6 27.Nge6 Bxe6 28.
Nxe6 Qxg3 29.Bxg4 Bxf2+ 30.Rxf2 Qxf2+ 31.Kh1 Rh8+ 32.Bh3 Rxh3+ 33.gxh3 
Qf3+ 0-1

[Event "Oisterwijk zt (Women)"]
[Site "Oisterwijk"]
[Date "1991.??.??"]
[Round "4"]
[White "De Greef, Heleen"]
[Black "De Vries, Sylvia"]
[Result "0-1"]
[WhiteElo "2175"]
[BlackElo "2150"]
[EventDate "1991.??.??"]
[PlyCount "82"]

1.e4 d6 2.d4 Nf6 3.Nc3 g6 4.Be3 c6 5.Qd2 b5 6.f3 Bg7 7.g4 h5 8.g5 Nfd7 9.
f4 Qa5 10.Nf3 b4 11.Nd1 Nb6 12.Bd3 c5 13.c3 Bg4 14.cxb4 cxb4 15.O-O O-O 
16.Rc1 Qxa2 17.Qxb4 Bh3 18.Rf2 Qe6 19.Kh1 Qg4 20.Be2 Qd7 21.d5 Rc8 22.Nc3 
Qb7 23.Nd4 a5 24.Qb5 Bd7 25.Nc6 Bxc6 26.dxc6 Rxc6 27.Nd5 Rxc1+ 28.Bxc1 Bd4
29.Qe8+ Kg7 30.f5 Nc6 31.f6+ exf6 32.gxf6+ Kh7 33.Ba6 Rxe8 34.Bxb7 Bxf2 
35.Bxc6 Rxe4 36.Nxb6 Re1+ 37.Kg2 Rxc1 38.Kxf2 Rxc6 39.Nd5 Rc2+ 40.Ke3 Rxb2
41.h4 a4 0-1

[Event "Oisterwijk zt (Women)"]
[Site "Oisterwijk"]
[Date "1991.??.??"]
[Round "4"]
[White "Flear, Christine"]
[Black "Benschop, Anne Marie"]
[Result "1/2-1/2"]
[WhiteElo "2225"]
[BlackElo "2165"]
[EventDate "1991.??.??"]
[PlyCount "55"]

1.d4 d5 2.c4 e6 3.Nc3 Nf6 4.cxd5 exd5 5.Bg5 Be7 6.e3 c6 7.Qc2 Nbd7 8.Bd3 
Nh5 9.Bxe7 Qxe7 10.Nge2 g6 11.O-O O-O 12.a3 Ng7 13.b4 a6 14.Na4 Nf6 15.Nb6
Rb8 16.Nxc8 Rfxc8 17.Rfc1 Nge8 18.Qc5 Nd6 19.a4 Qd7 20.Qc2 Ra8 21.Qb2 b5 
22.Ra2 Nc4 23.Qb3 Qb7 24.Nc3 Rcb8 25.axb5 axb5 26.Rca1 Kg7 27.h3 Re8 28.
Rxa8 1/2-1/2

[Event "Oisterwijk zt (Women)"]
[Site "Oisterwijk"]
[Date "1991.??.??"]
[Round "4"]
[White "Limbach, Renate"]
[Black "Harmsen, Jessica"]
[Result "1/2-1/2"]
[WhiteElo "2130"]
[BlackElo "2190"]
[EventDate "1991.??.??"]
[PlyCount "163"]

1.e4 e6 2.d4 d5 3.Nc3 Bb4 4.e5 Qd7 5.a3 Bxc3+ 6.bxc3 b6 7.Qg4 g6 8.a4 Nc6 
9.Bd3 Bb7 10.h4 h5 11.Qe2 Na5 12.Bg5 a6 13.Nh3 Qc6 14.Ra3 Nc4 15.Bxc4 Qxc4
16.Qxc4 dxc4 17.f3 a5 18.Nf2 Ne7 19.Ne4 Bxe4 20.fxe4 c6 21.Ke2 Ra7 22.Raa1
Nc8 23.Rhd1 f5 24.exf6 Rd7 25.Rab1 Kf7 26.Bf4 Rhd8 27.g4 hxg4 28.Rg1 Rh8 
29.Rxg4 Rdd8 30.Bc7 Rd7 31.Be5 Rdd8 32.Rh1 Rh5 33.Rhg1 Rg8 34.Kf3 b5 35.
Ra1 b4 36.cxb4 axb4 37.a5 Na7 38.Bd6 Rb5 39.e5 b3 40.cxb3 Rxb3+ 41.Ke2 Rh3
42.Rc1 c3 43.h5 g5 44.h6 Nb5 45.Bc5 Rxh6 46.Rcg1 Rh5 47.Kd3 Kg6 48.Rxg5+ 
Rxg5 49.Rxg5+ Kxg5 50.f7 Rh8 51.f8=Q Rxf8 52.Bxf8 Nc7 53.Kxc3 Kf4 54.Kd3 
Na6 55.Be7 Kf3 56.Ba3 Kf4 57.Bc1+ Kf3 58.Ba3 Kf4 59.Be7 Kf3 60.Bd8 Kf4 61.
Bb6 Kf5 62.Ke3 Nb4 63.Kf3 Na6 64.Bd8 Nb4 65.Be7 Na6 66.Kg3 Nb8 67.Kh4 Kg6 
68.Kg4 Na6 69.Kf4 Kf7 70.Bd8 Kg6 71.Ke4 Kf7 72.Kd3 Ke8 73.Bh4 Kf7 74.Bd8 
Ke8 75.Bh4 Kf7 76.Ke4 Kg6 77.Kf4 Nb4 78.Bg3 Na6 79.Be1 Nc7 80.Bd2 Na6 81.
Ke4 Kf7 82.Kd3 1/2-1/2

[Event "Oisterwijk zt (Women)"]
[Site "Oisterwijk"]
[Date "1991.??.??"]
[Round "5"]
[White "De Vries, Sylvia"]
[Black "Limbach, Renate"]
[Result "1/2-1/2"]
[WhiteElo "2150"]
[BlackElo "2130"]
[EventDate "1991.??.??"]
[PlyCount "42"]

1.d4 d5 2.c4 e6 3.Nc3 c5 4.cxd5 cxd4 5.Qa4+ Bd7 6.Qxd4 exd5 7.Qxd5 Nc6 8.
Nf3 Nf6 9.Qd1 Bc5 10.e3 Qe7 11.Be2 O-O 12.O-O Rfd8 13.Nd4 Rac8 14.Bf3 Be8 
15.Qe2 Ne5 16.Nf5 Nxf3+ 17.Qxf3 Qe5 18.e4 Bb4 19.Bf4 Qe6 20.Bg5 Bxc3 21.
bxc3 Rc4 1/2-1/2

[Event "Oisterwijk zt (Women)"]
[Site "Oisterwijk"]
[Date "1991.??.??"]
[Round "5"]
[White "Harmsen, Jessica"]
[Black "Benschop, Anne Marie"]
[Result "1-0"]
[WhiteElo "2190"]
[BlackElo "2165"]
[EventDate "1991.??.??"]
[PlyCount "117"]

1.f4 d5 2.Nf3 Nf6 3.b3 Bg4 4.e3 e6 5.Bb2 Nbd7 6.d3 Bd6 7.h3 Bxf3 8.Qxf3 e5
9.Nd2 c6 10.g4 Qc7 11.f5 O-O-O 12.g5 e4 13.Qe2 Bg3+ 14.Kd1 exd3 15.cxd3 
Ne8 16.Rg1 Be5 17.d4 Bd6 18.Rc1 Qa5 19.Kc2 Kb8 20.Kb1 Bb4 21.Nf3 Nd6 22.
Qc2 Rhe8 23.Ne5 Bd2 24.Rd1 Nxe5 25.dxe5 Bxe3 26.Rg3 Bf4 27.b4 Qxb4 28.Rb3 
Qa5 29.exd6 Rxd6 30.Ba3 Rd7 31.Qxc6 Red8 32.Ba6 b6 33.Qb5 Qxb5 34.Bxb5 Rc7
35.Rbd3 Bxg5 36.Rxd5 Rxd5 37.Rxd5 Kb7 38.Rd7 Rxd7 39.Bxd7 Kc7 40.Be8 f6 
41.Bf8 Kd8 42.Bf7 Kd7 43.Be6+ Kc6 44.Bxg7 Kd6 45.Bf8+ Ke5 46.Kc2 Kf4 47.
Bd6+ Kf3 48.Bd5+ Kf2 49.Kd3 Be3 50.h4 Bc1 51.h5 Be3 52.Bg8 h6 53.Bd5 Bc1 
54.Bb8 a6 55.Bc7 Be3 56.Bb7 Bc5 57.Ke4 a5 58.Bc6 Kg2 59.Bd8 1-0

[Event "Oisterwijk zt (Women)"]
[Site "Oisterwijk"]
[Date "1991.??.??"]
[Round "5"]
[White "Lebel Arias, Julia"]
[Black "Flear, Christine"]
[Result "0-1"]
[WhiteElo "2055"]
[BlackElo "2225"]
[EventDate "1991.??.??"]
[PlyCount "78"]

1.d4 d5 2.e3 Nf6 3.Bd3 Bg4 4.f3 Bh5 5.c4 e6 6.cxd5 Nxd5 7.a3 Bd6 8.Qa4+ c6
9.f4 Nd7 10.Nc3 N7f6 11.Nh3 Ng4 12.Nxd5 exd5 13.O-O O-O 14.Qc2 Bg6 15.Bxg6
hxg6 16.Nf2 Nh6 17.Nd3 Nf5 18.Bd2 Re8 19.Rae1 Re6 20.Rf3 Qe7 21.Ne5 Re8 
22.Ref1 c5 23.Qc3 cxd4 24.exd4 Nxd4 25.Re3 Nf5 26.Ree1 Bxe5 27.Rxe5 Rxe5 
28.fxe5 Qxe5 29.Re1 Qb8 30.Rxe8+ Qxe8 31.g4 Nd6 32.Bf4 Ne4 33.Qc7 Nf6 34.
Bg3 Nxg4 35.Qxb7 Qe3+ 36.Kg2 Qe2+ 37.Kg1 d4 38.Qb8+ Kh7 39.Qd8 Qd1+ 0-1

[Event "Oisterwijk zt (Women)"]
[Site "Oisterwijk"]
[Date "1991.??.??"]
[Round "6"]
[White "Benschop, Anne Marie"]
[Black "Lebel Arias, Julia"]
[Result "1/2-1/2"]
[WhiteElo "2165"]
[BlackElo "2055"]
[EventDate "1991.??.??"]
[PlyCount "172"]

1.e4 g6 2.d4 Bg7 3.Nc3 c6 4.Nf3 d6 5.h3 Nd7 6.a4 b6 7.Bc4 Bb7 8.O-O e6 9.
Bg5 Ne7 10.Qd2 O-O 11.Rfe1 Re8 12.Rad1 Qc7 13.Bb3 a6 14.Nh2 d5 15.Bxe7 
Rxe7 16.exd5 cxd5 17.Nxd5 Bxd5 18.Bxd5 Rd8 19.Qb4 Nf6 20.Bb3 Red7 21.Nf3 
Nd5 22.Qc4 Qb7 23.Qe2 b5 24.axb5 axb5 25.c3 Rd6 26.Qe4 Ra6 27.Ne5 Qa7 28.
Qf3 Bxe5 29.Rxe5 Rad6 30.Rde1 Qa6 31.h4 Nb6 32.h5 Nd7 33.R5e4 b4 34.hxg6 
hxg6 35.Rh4 Kg7 36.Qf4 Rf8 37.Qh6+ Kf6 38.Rf4+ Ke7 39.Qg5+ Ke8 40.Rfe4 Rg8
41.Qf4 g5 42.Qg3 Ke7 43.R4e2 bxc3 44.bxc3 Qb5 45.Ba2 Qa5 46.d5 Rxd5 47.
Bxd5 Qxd5 48.Qc7 Qc5 49.Qxc5+ Nxc5 50.Ra1 Rc8 51.Ra7+ Kf6 52.Re3 Kg6 53.
Kf1 f6 54.Ke2 e5 55.Kd2 g4 56.Re1 Kf5 57.c4 Ne4+ 58.Ke3 Rxc4 59.Ra3 Rd4 
60.Rc1 Nd6 61.Ra6 Re4+ 62.Kd3 Rd4+ 63.Ke2 Ne4 64.Rcc6 Rd2+ 65.Ke3 Rxf2 66.
Rxf6+ Nxf6 67.Kxf2 Nd5 68.Ra8 Nf4 69.Rf8+ Kg5 70.Rf7 Kg6 71.Rf8 Nh5 72.Ra8
Kg5 73.Ke3 Nf6 74.Rd8 Kf5 75.Rd1 Kg5 76.Rf1 Kg6 77.Rf2 Kg5 78.Ra2 Kf5 79.
Ra5 Nh5 80.Rc5 Nf6 81.Rc1 Kg5 82.Kf2 Nh5 83.Rc2 Kf5 84.Ke3 Nf6 85.Rd2 Kg5 
86.Rf2 Kg6 1/2-1/2

[Event "Oisterwijk zt (Women)"]
[Site "Oisterwijk"]
[Date "1991.??.??"]
[Round "6"]
[White "Flear, Christine"]
[Black "Limbach, Renate"]
[Result "1/2-1/2"]
[WhiteElo "2225"]
[BlackElo "2130"]
[EventDate "1991.??.??"]
[PlyCount "115"]

1.d4 d5 2.c4 e6 3.Nf3 f5 4.Bf4 c6 5.Nbd2 Nf6 6.e3 Nbd7 7.h3 Ne4 8.Bd3 Be7 
9.Qc2 Ndf6 10.O-O O-O 11.Ne5 Nxd2 12.Qxd2 Nd7 13.Nf3 Nf6 14.Qc2 Ne4 15.
Bxe4 fxe4 16.Ne5 Bf6 17.Qe2 Bxe5 18.Bxe5 Bd7 19.Qg4 Qe7 20.Qg3 Rf5 21.f3 
exf3 22.Rxf3 Rxf3 23.Qxf3 Be8 24.c5 Bg6 25.Qg3 Bd3 26.Rd1 Be4 27.Bd6 Qf7 
28.Rf1 Qg6 29.Qf2 h6 30.g4 Bd3 31.Rd1 Be4 32.Qg3 Rd8 33.Rf1 Bd3 34.Rf2 Bc4
35.b3 Bd3 36.Qh4 Ra8 37.Qg3 Rd8 38.h4 h5 39.gxh5 Qxg3+ 40.Bxg3 Rf8 41.Rd2 
Be4 42.Bf4 Kh7 43.Rf2 Rf5 44.Kf1 Rxh5 45.Bg5 Bf5 46.Ke1 Kg8 47.a4 Kf7 48.
Kd2 Ke8 49.Kc3 Kd7 50.Kb4 g6 51.Ka5 Rh8 52.b4 Rf8 53.b5 Rh8 54.Kb4 Ra8 55.
a5 a6 56.bxc6+ bxc6 57.Bf4 Ra7 58.Kc3 1/2-1/2